00978nam a22001577a 4500041001200000082001500012100001400027245008400041260004000125300001000165520050300175650002400678942000700702952009400709999001700803 aEnglish a261.2bRAC aRace Alan aMaking Sense of Religious Pluralism: shaping Theology of Religions for Our Time aLondon, bEngland : SPCK, ©c2013. a98 p. a"Is Christian faith the only or best route to relationship with God? New relationships, shared common action and dialogue between people whose experiences differ are changing the way Christian theologians are thinking about religious pluralism. No longer objects of ridicule or condemnation, world religions are genuine vehicles of spiritual vision, capable of transforming human hearts and minds. It has taken Christian theology many years to come to this point and there is no going back."--Cover aReligious Pluralism cBK 00104070aHMIbHMIcGENd2018-10-29l0o261.2 RACp11003777r2026-01-16w2026-01-16yBK c22422d22422